000 01013nac a22002291u 4500
010 _a 00037265
020 _a1567204015 (alk. paper)
082 0 0 _a658.1599
_bB3924
090 _c2141
_d2141
100 _aBeenhakker, Henri L.
245 1 4 _aThe global economy and international financing /
_cHenri L. Beenhakker.
260 _aWestport, CT :
_bQuorum Books ,2001
_c2001.
300 _axvi, 274 p. :
_bill. ;
_c25 cm.
504 _aIncludes bibliographical references and index.
650 0 _aInternational finance.
650 0 _aForeign exchange.
650 0 _aInternational trade.
650 0 _aInternational business enterprises
_xManagement.
942 _cBB
_k658.1599B3924
999 _c2141
_d2141